000 00252nam a2200097Ia 4500
001 659142
005 20250826154649.0
008 250824s9999 xx 000 0 und d
245 0 _aMARTI YERÇEKİMİ VE MANYETİZMA HER DENEY BİR EĞLEN
260 _bMARTI
999 _c659142
_d659142